TV Interrupted Quiz Stats

 Plays Quiz Updated Dec 14, 2018

Support Sporcle.
Go Orange.
Score 0/20 Timer 04:00
2 Plays Today
Image Show % Correct
Two and a Half Men
89.8%
The Big Bang Theory
86%
Scrubs
80.6%
How I Met Your Mother
79.9%
Mad Men
77.7%
Breaking Bad
76.8%
Freaks and Geeks
75.5%
American Horror Story
70.4%
Weeds
62.5%
Gossip Girl
58.3%
Image Show % Correct
Modern Family
56.7%
Entourage
52.5%
Dexter
48.6%
Arrested Development
48.1%
Game of Thrones
45.4%
Six Feet Under
42%
The Tudors
38.6%
Downton Abbey
36.7%
Community
35.5%
True Blood
21.4%

From the Vault

Color Sequence Memory Game

by stephantop

If you actually mixed the following color sequence together, we're pretty sure you'd get a nice shade of black.
Remove Ads.
Support Sporcle.
Get the best of Sporcle when you Go Orange. This ad-free experience offers more features, more stats, and more fun while also helping to support Sporcle. Thank you for becoming a member.

Show Comments

Extras

Top Quizzes Today


Score Distribution

Your Account Isn't Verified!

In order to create a playlist on Sporcle, you need to verify the email address you used during registration. Go to your Sporcle Settings to finish the process.

Report this User

Report this user for behavior that violates our Community Guidelines.

Details: